[Event "Mittelrhein Verbandsliga Sued 1920"]
[Site "Mittelrhein"]
[Date "2020.02.16"]
[Round "6.8"]
[White "Kohlhas, Christopher"]
[Black "Albert, Markus"]
[Result "0-1"]
[WhiteElo "1819"]
[BlackElo "1725"]
[PlyCount "44"]
[EventDate "2019.09.29"]
[EventType "team-tourn"]
[EventRounds "9"]
[EventCountry "GER"]
[SourceTitle "EXT 2023"]
[Source "ChessBase"]
[SourceDate "2022.10.05"]
[SourceVersion "1"]
[SourceVersionDate "2022.10.05"]
[SourceQuality "1"]
[WhiteTeam "Rheinbacher SF"]
[BlackTeam "Godesberg III"]
[WhiteTeamCountry "GER"]
[BlackTeamCountry "GER"]

1. d4 g6 2. c4 Bg7 3. Nc3 c6 4. Nf3 d5 5. e3 Nf6 6. Qb3 0-0 7. Bd3 a5 8. cxd5 cxd5 9. 0-0 Nc6 10. Ne5 Nb4 11. Bb1 e6 12. Bd2 Nd7 13. f4 f6 14. Nd3 Nc6 15. Rc1 Nb6 16. Qc2 Nc4 17. b3 Na3 18. Qb2 Nxb1 19. Raxb1 e5 20. Nb5 Bf5 21. Qc2 Rc8 22. Bc3 Nb4 0-1

[Event "Mittelrhein Verbandsliga-M 1112"]
[Site "Germany"]
[Date "2011.11.13"]
[Round "3.3"]
[White "Breitenstein, Bert"]
[Black "Kohlhas, Christopher"]
[Result "1-0"]
[WhiteElo "1911"]
[BlackElo "1833"]
[PlyCount "63"]
[EventDate "2011.09.18"]
[EventType "team-tourn"]
[EventRounds "11"]
[EventCountry "GER"]
[SourceTitle "EXT 2013"]
[Source "ChessBase"]
[SourceDate "2012.11.22"]
[SourceVersion "1"]
[SourceVersionDate "2012.11.22"]
[SourceQuality "1"]
[WhiteTeam "Godesberg V"]
[BlackTeam "Rheinbacher SF II"]
[WhiteTeamCountry "GER"]
[BlackTeamCountry "GER"]

1. d4 d5 2. Bg5 h6 3. Bh4 c6 4. Nc3 Qb6 5. Rb1 Bf5 6. e3 e6 7. Bd3 Bxd3 8. cxd3 Be7 9. Bg3 Nf6 10. Nf3 Nbd7 11. 0-0 g5 12. b4 Nh5 13. Ne5 Nhf6 14. b5 c5 15. Na4 Qd8 16. dxc5 Nxc5 17. Nxc5 Bxc5 18. Qa4 Bb6 19. f4 Bxe3+ 20. Bf2 d4 21. Bxe3 dxe3 22. fxg5 hxg5 23. b6+ Ke7 24. bxa7 Qc7 25. Qb4+ Ke8 26. Qxb7 Qxb7 27. Rxb7 e2 28. Rfb1 Nd5 29. Rxf7 e1Q+ 30. Rxe1 Nc3 31. Rc7 Rf8 32. Nc6 1-0

[Event "Mittelrhein Verbandsliga-M 1112"]
[Site "Germany"]
[Date "2011.10.09"]
[Round "2.3"]
[White "Kohlhas, Christopher"]
[Black "Thiel, Joachim"]
[Result "0-1"]
[WhiteElo "1833"]
[BlackElo "2007"]
[PlyCount "62"]
[EventDate "2011.09.18"]
[EventType "team-tourn"]
[EventRounds "11"]
[EventCountry "GER"]
[SourceTitle "EXT 2013"]
[Source "ChessBase"]
[SourceDate "2012.11.22"]
[SourceVersion "1"]
[SourceVersionDate "2012.11.22"]
[SourceQuality "1"]
[WhiteTeam "Rheinbacher SF II"]
[BlackTeam "Kalker/Deutzer SG"]
[WhiteTeamCountry "GER"]
[BlackTeamCountry "GER"]

1. d4 c6 2. c4 g6 3. Nc3 Bg7 4. Nf3 d6 5. e4 Bg4 6. Be2 Nd7 7. 0-0 e5 8. d5 c5 9. Be3 Ne7 10. Ng5 Bxe2 11. Qxe2 h6 12. Nh3 0-0 13. Qd2 Kh7 14. f4 exf4 15. Rxf4 Ne5 16. Qe2 f5 17. Kh1 g5 18. Rff1 f4 19. Bd2 N7g6 20. Nf2 Qd7 21. Nd3 Rf7 22. Nxe5 Nxe5 23. h4 Kg6 24. h5+ Kh7 25. Nd1 Raf8 26. Bc3 f3 27. Rxf3 Nxf3 28. Bxg7 Kxg7 29. gxf3 Rxf3 30. Qg2 Rh3+ 31. Kg1 Rff3 0-1